Upgrading Visual Basic 6.0 Applications (Record no. 33224)

MARC details
000 -LEADER
fixed length control field 00415nam a22001697a 4500
005 - DATE AND TIME OF LATEST TRANSACTION
control field 20230809111036.0
008 - FIXED-LENGTH DATA ELEMENTS--GENERAL INFORMATION
fixed length control field 230809b |||||||| |||| 00| 0 eng d
020 ## - INTERNATIONAL STANDARD BOOK NUMBER
ISBN 8120330080
082 ## - DEWEY DECIMAL CLASSIFICATION NUMBER
Classification number 005.456
Item number REF-U
100 ## - MAIN ENTRY--AUTHOR
Author Name Reference
245 ## - TITLE STATEMENT
Title Upgrading Visual Basic 6.0 Applications
260 ## - PUBLICATION, DISTRIBUTION, ETC.
Place of Publication India
Name of publisher, distributor, etc. PHI
Date of publication, distribution, etc. 2005
300 ## - PHYSICAL DESCRIPTION
Pages 694 pages
500 ## - GENERAL NOTE
General note Include Index.
650 ## - SUBJECT ADDED ENTRY--TOPICAL TERM
Subject / Department Visual basic
952 ## - LOCATION AND ITEM INFORMATION (KOHA)
-- 0
-- 0
Holdings
Lost status Damaged status Permanent Location Current Location Shelving Location Date acquired Full Call Number Accession No./Barcode Date last seen item type
    Superior Information Resource Center (SIRC) Superior University- Gold Campus Superior Information Resource Center (SIRC) Superior University- Gold Campus Programming 08/09/2023 005.456 REF-U 2005 19598 08/09/2023 BOOK

Powered by Koha